000 00506nam a2200169 i 4500
001 143572
003 ES-MaACL
005 20230906200841.0
007 t|
008 070214s1973 it r ||||1| ita d
100 1 _aSerge, Victor.
_9105542
245 1 0 _aVita e morte di Trotskij /
_cVictor Serge ; traduzione di Silvia Brilli Cattarini.
260 _aRoma :
_bLaterza,
_c1973.
300 _aXXII, 376 p. ;
_c21 cm.
700 1 _aBrilli Cattarini, Silvia.
_931740
852 _aES-MaACL
_jE-8178
_bR.92450
999 _c143572
_d143572